[Event "Mitropa Online Cup Open 2021"]
[Site "Hybrid"]
[Date "2021.05.04"]
[Round "1.3"]
[White "Pechac, Jergus"]
[Black "Markoja, Boris"]
[Result "1/2-1/2"]
[WhiteElo "2519"]
[BlackElo "2442"]
[Annotator "ChessBase"]
[PlyCount "39"]
[EventDate "2021.05.04"]
[EventType "team-tourn"]
[EventCountry "NET"]
[SourceTitle "playchess.com"]
[Source "ChessBase"]
[SourceQuality "1"]
[WhiteTeam "Slovakia"]
[BlackTeam "Slovenia"]
[WhiteTeamCountry "SVK"]
[BlackTeamCountry "SLO"]
[TimeControl "40/5400+30:1800+30"]

1. d4 {[%emt 0:00:00]} Nf6 {[%emt 0:00:21]} 2. c4 {[%emt 0:00:08]} e6 {[%emt 0:00:07]} 3. Nc3 {[%emt 0:00:11]} Bb4 {[%emt 0:00:30]} 4. e3 {[%emt 0:00:13]} O-O {[%emt 0:01:33]} 5. Bd3 {[%emt 0:00:25]} c5 {[%emt 0:01:02]} 6. Nge2 {[%emt 0:00:15]} Nc6 {[%emt 0:07:33]} 7. O-O {[%emt 0:00:30]} d6 {[%emt 0:04:38]} 8. Qc2 {[%emt 0:10:30]} Bxc3 {[%emt 0:09:17]} 9. Qxc3 {[%emt 0:02:19]} Qa5 {[%emt 0:02:11]} 10. Qxa5 {[%emt 0:05:00]} Nxa5 {[%emt 0:00:06]} 11. Bd2 {[%emt 0:01:37]} Nc6 {[%emt 0:01:04]} 12. a3 {[%emt 0:06:17]} Rd8 {[%emt 0:11:01]} 13. b4 {[%emt 0:01:37]} Ne5 {[%emt 0:09:56]} 14. dxe5 {[%emt 0:03:45]} dxe5 {[%emt 0:00:12]} 15. Nc1 {[%emt 0:08:12]} e4 {[%emt 0:01:48]} 16. bxc5 {[%emt 0:03:08]} b6 {[%emt 0:06:38]} 17. Rd1 {[%emt 0:13:34]} exd3 {[%emt 0:01:02]} 18. cxb6 {[%emt 0:00:22]} axb6 {[%emt 0:00:44]} 19. Bb4 {[%emt 0:00:09]} Ba6 {[%emt 0:01:31]} 20. Nxd3 {[%emt 0:03:54]} 1/2-1/2

[Event "Mitropa Online Cup Open 2021"]
[Site "Hybrid"]
[Date "2021.05.04"]
[Round "1.3"]
[White "Sebenik, Matej"]
[Black "Gazik, Viktor"]
[Result "1/2-1/2"]
[WhiteElo "2498"]
[BlackElo "2542"]
[Annotator "ChessBase"]
[PlyCount "111"]
[EventDate "2021.05.04"]
[EventType "team-tourn"]
[EventCountry "NET"]
[SourceTitle "playchess.com"]
[Source "ChessBase"]
[SourceQuality "1"]
[WhiteTeam "Slovenia"]
[BlackTeam "Slovakia"]
[WhiteTeamCountry "SLO"]
[BlackTeamCountry "SVK"]
[TimeControl "40/5400+30:1800+30"]

1. d4 {[%emt 0:00:00]} Nf6 {[%emt 0:00:14]} 2. c4 {[%emt 0:00:12]} e6 {[%emt 0:01:43]} 3. Nf3 {[%emt 0:00:18]} Bb4+ {[%emt 0:00:42]} 4. Bd2 {[%emt 0:00:11]} Qe7 {[%emt 0:00:06]} 5. e3 {[%emt 0:01:32]} O-O {[%emt 0:05:18]} 6. Bd3 {[%emt 0:01:40]} Bxd2+ {[%emt 0:01:48]} 7. Qxd2 {[%emt 0:01:08]} d6 {[%emt 0:00:29]} 8. Nc3 {[%emt 0:00:46]} e5 {[%emt 0:01:21]} 9. Bc2 {[%emt 0:00:31]} c6 {[%emt 0:05:56]} 10. O-O-O {[%emt 0:21:00]} Re8 {[%emt 0:15:15]} 11. Ng5 {[%emt 0:11:51]} Na6 {[%emt 0:08:08]} 12. h3 {[%emt 0:23:01]} Nb4 {[%emt 0:21:01]} 13. Bb1 {[%emt 0:02:23]} h6 {[%emt 0:00:27]} 14. dxe5 {[%emt 0:04:54]} dxe5 {[%emt 0:00:58]} 15. Nge4 {[%emt 0:00:12]} a5 {[%emt 0:06:31]} 16. a3 {[%emt 0:06:53]} Na6 {[%emt 0:03:50]} 17. Nxf6+ {[%emt 0:00:18]} Qxf6 {[%emt 0:00:08]} 18. Ne4 {[%emt 0:01:37]} Qe6 {[%emt 0:08:00]} 19. Qc2 {[%emt 0:00:21]} Qg6 {[%emt 0:04:04]} 20. g4 {[%emt 0:00:42]} Be6 {[%emt 0:04:50]} 21. f4 {[%emt 0:03:22]} exf4 {[%emt 0:01:31]} 22. exf4 {[%emt 0:00:15]} f5 {[%emt 0:00:52]} 23. Nd6 {[%emt 0:01:13]} Nc5 {[%emt 0:00:01]} 24. Qc3 {[%emt 0:10:33]} Bd5 {[%emt 0:05:09]} 25. Nxf5 {[%emt 0:01:32]} Be4 {[%emt 0:00:32]} 26. Bxe4 {[%emt 0:00:47]} Rxe4 {[%emt 0:00:35]} 27. Rhe1 {[%emt 0:00:32]} Rae8 {[%emt 0:00:28]} 28. Rxe4 {[%emt 0:01:40]} Rxe4 {[%emt 0:00:05]} 29. Kb1 {[%emt 0:03:53]} Kh7 {[%emt 0:00:36]} 30. Re1 {[%emt 0:01:05]} h5 {[%emt 0:03:35]} 31. Rxe4 {[%emt 0:00:16]} Nxe4 {[%emt 0:00:02]} 32. Qc2 {[%emt 0:00:41]} Nc5 {[%emt 0:00:38]} 33. Nd4 {[%emt 0:00:30]} hxg4 {[%emt 0:00:22]} 34. hxg4 {[%emt 0:00:05]} a4 {[%emt 0:01:07]} 35. Qxg6+ {[%emt 0:00:38]} Kxg6 {[%emt 0:00:01]} 36. Kc2 {[%emt 0:00:07]} Kf6 {[%emt 0:00:05]} 37. Kc3 {[%emt 0:01:14]} Ne4+ {[%emt 0:00:09]} 38. Kc2 {[%emt 0:00:18]} g5 {[%emt 0:00:29]} 39. fxg5+ {[%emt 0:00:29]} Kxg5 {[%emt 0:00:02]} 40. Ne6+ {[%emt 0:00:00]} Kxg4 {[%emt 0:00:00]} 41. Nd8 {[%emt 0:06:16]} Kf4 {[%emt 0:19:58]} 42. Nxb7 {[%emt 0:01:01]} Ke3 {[%emt 0:00:34]} 43. Na5 {[%emt 0:11:08]} Kd4 {[%emt 0:00:31]} 44. Nxc6+ {[%emt 0:00:18]} Kxc4 {[%emt 0:00:02]} 45. Nb4 {[%emt 0:00:14]} Nc5 {[%emt 0:00:22]} 46. Na2 {[%emt 0:00:26]} Nb3 {[%emt 0:00:59]} 47. Nc3 {[%emt 0:00:18]} Nd4+ {[%emt 0:00:28]} 48. Kc1 {[%emt 0:00:45]} Nb5 {[%emt 0:02:01]} 49. Kd2 {[%emt 0:05:44]} Nxc3 {[%emt 0:05:11]} 50. bxc3 {[%emt 0:00:14]} Kb3 {[%emt 0:00:01]} 51. Kd3 {[%emt 0:00:05]} Kxa3 {[%emt 0:00:37]} 52. Kc2 {[%emt 0:00:08]} Ka2 {[%emt 0:00:01]} 53. c4 {[%emt 0:00:06]} a3 {[%emt 0:00:04]} 54. c5 {[%emt 0:00:04]} Ka1 {[%emt 0:00:03]} 55. c6 {[%emt 0:00:14]} a2 {[%emt 0:00:02]} 56. c7 {[%emt 0:00:03]} 1/2-1/2

[Event "Mitropa Online Cup Open 2021"]
[Site "Hybrid"]
[Date "2021.05.04"]
[Round "1.3"]
[White "Nayhebaver, Martin"]
[Black "Dobrovoljc, Vid"]
[Result "0-1"]
[WhiteElo "2485"]
[BlackElo "2377"]
[Annotator "ChessBase"]
[PlyCount "70"]
[EventDate "2021.05.04"]
[EventType "team-tourn"]
[EventCountry "NET"]
[SourceTitle "playchess.com"]
[Source "ChessBase"]
[SourceQuality "1"]
[WhiteTeam "Slovakia"]
[BlackTeam "Slovenia"]
[WhiteTeamCountry "SVK"]
[BlackTeamCountry "SLO"]
[TimeControl "40/5400+30:1800+30"]

1. e4 {[%emt 0:00:00]} e5 {[%emt 0:00:45]} 2. Nf3 {[%emt 0:00:12]} Nc6 {[%emt 0:00:19]} 3. Bc4 {[%emt 0:00:26]} Nf6 {[%emt 0:01:56]} 4. d3 {[%emt 0:00:49]} Be7 {[%emt 0:06:34]} 5. O-O {[%emt 0:08:55]} O-O {[%emt 0:01:08]} 6. Re1 {[%emt 0:04:45]} d6 {[%emt 0:01:14]} 7. c3 {[%emt 0:00:33]} Na5 {[%emt 0:10:21]} 8. Bb5 {[%emt 0:01:19]} a6 {[%emt 0:00:41]} 9. Ba4 {[%emt 0:00:10]} b5 {[%emt 0:00:15]} 10. Bc2 {[%emt 0:00:10]} c5 {[%emt 0:00:27]} 11. Nbd2 {[%emt 0:03:58]} Nc6 {[%emt 0:05:48]} 12. Nf1 {[%emt 0:03:45]} Re8 {[%emt 0:02:08]} 13. a4 {[%emt 0:03:34]} Rb8 {[%emt 0:09:22]} 14. axb5 {[%emt 0:03:16]} axb5 {[%emt 0:00:28]} 15. h3 {[%emt 0:05:08]} Bf8 {[%emt 0:07:27]} 16. d4 {[%emt 0:09:50]} cxd4 {[%emt 0:07:45]} 17. cxd4 {[%emt 0:00:19]} exd4 {[%emt 0:01:28]} 18. Nxd4 {[%emt 0:04:24]} Nxd4 {[%emt 0:03:36]} 19. Qxd4 {[%emt 0:00:09]} Qc7 {[%emt 0:03:25]} 20. Bb3 {[%emt 0:07:12]} Qc5 {[%emt 0:07:57]} 21. Qxc5 {[%emt 0:10:07]} dxc5 {[%emt 0:00:11]} 22. Bf4 {[%emt 0:00:23]} Rb6 {[%emt 0:04:45]} 23. e5 {[%emt 0:00:54]} Nd7 {[%emt 0:06:53]} 24. Ra8 {[%emt 0:02:20]} c4 {[%emt 0:02:20]} 25. Bc2 {[%emt 0:00:36]} Ra6 {[%emt 0:06:05]} 26. Rxa6 {[%emt 0:04:41]} Bxa6 {[%emt 0:00:11]} 27. Ra1 {[%emt 0:01:26]} Bb7 {[%emt 0:00:56]} 28. Ra7 {[%emt 0:05:47]} Nc5 {[%emt 0:01:45]} 29. Be3 {[%emt 0:02:48]} Bd5 {[%emt 0:00:59]} 30. Rc7 {[%emt 0:08:39]} Na6 {[%emt 0:02:21]} 31. Ra7 {[%emt 0:04:39]} Nb4 {[%emt 0:01:23]} 32. Bb1 {[%emt 0:00:25]} Rxe5 {[%emt 0:00:42]} 33. Nd2 {[%emt 0:00:28]} Re8 {[%emt 0:00:43]} 34. Nf3 {[%emt 0:02:19]} Bxf3 {[%emt 0:03:45]} 35. g3 {[%emt 0:00:12]} Rd8 {[%emt 0:00:22]} 0-1

[Event "Mitropa Online Cup Open 2021"]
[Site "Hybrid"]
[Date "2021.05.04"]
[Round "1.3"]
[White "Spalir, Jernej"]
[Black "Druska, Juraj"]
[Result "0-1"]
[WhiteElo "2389"]
[BlackElo "2494"]
[Annotator "ChessBase"]
[PlyCount "80"]
[EventDate "2021.05.04"]
[EventType "team-tourn"]
[EventCountry "NET"]
[SourceTitle "playchess.com"]
[Source "ChessBase"]
[SourceQuality "1"]
[WhiteTeam "Slovenia"]
[BlackTeam "Slovakia"]
[WhiteTeamCountry "SLO"]
[BlackTeamCountry "SVK"]
[TimeControl "40/5400+30:1800+30"]

1. d4 {[%emt 0:00:00]} d5 {[%emt 0:00:15]} 2. c4 {[%emt 0:00:11]} e6 {[%emt 0:00:11]} 3. Nc3 {[%emt 0:00:09]} Nf6 {[%emt 0:00:11]} 4. Nf3 {[%emt 0:00:06]} Be7 {[%emt 0:00:28]} 5. Bf4 {[%emt 0:00:37]} O-O {[%emt 0:00:16]} 6. e3 {[%emt 0:00:24]} b6 {[%emt 0:00:29]} 7. cxd5 {[%emt 0:01:32]} Nxd5 {[%emt 0:00:27]} 8. Nxd5 {[%emt 0:00:14]} exd5 {[%emt 0:00:16]} 9. Bd3 {[%emt 0:05:14]} c5 {[%emt 0:00:42]} 10. O-O {[%emt 0:03:11]} c4 {[%emt 0:02:36]} 11. Bc2 {[%emt 0:01:37]} Nc6 {[%emt 0:00:19]} 12. Ne5 {[%emt 0:12:11]} Nxe5 {[%emt 0:00:20]} 13. Bxe5 {[%emt 0:00:04]} g6 {[%emt 0:12:17]} 14. b3 {[%emt 0:11:50]} a5 {[%emt 0:00:53]} 15. bxc4 {[%emt 0:08:10]} Ba6 {[%emt 0:00:30]} 16. e4 {[%emt 0:00:08]} Bxc4 {[%emt 0:04:03]} 17. Bd3 {[%emt 0:03:38]} Rc8 {[%emt 0:12:07]} 18. Bxc4 {[%emt 0:01:55]} Rxc4 {[%emt 0:01:53]} 19. Qb3 {[%emt 0:08:17]} a4 {[%emt 0:31:20]} 20. Qb5 {[%emt 0:02:05]} f6 {[%emt 0:02:02]} 21. Bg3 {[%emt 0:07:32]} Rxd4 {[%emt 0:01:30]} 22. exd5 {[%emt 0:00:17]} f5 {[%emt 0:08:30]} 23. d6 {[%emt 0:09:57]} Bxd6 {[%emt 0:00:49]} 24. Bxd6 {[%emt 0:00:05]} Qxd6 {[%emt 0:00:10]} 25. Rab1 {[%emt 0:00:07]} Rf6 {[%emt 0:01:34]} 26. Qe8+ {[%emt 0:06:09]} Kg7 {[%emt 0:01:40]} 27. Rfe1 {[%emt 0:00:06]} f4 {[%emt 0:04:54]} 28. f3 {[%emt 0:09:18]} a3 {[%emt 0:08:57]} 29. Qe7+ {[%emt 0:03:07]} Qxe7 {[%emt 0:01:45]} 30. Rxe7+ {[%emt 0:00:03]} Kh6 {[%emt 0:00:42]} 31. Ra7 {[%emt 0:04:56]} Rd2 {[%emt 0:00:12]} 32. Rxa3 {[%emt 0:00:30]} Rc6 {[%emt 0:00:35]} 33. Kh1 {[%emt 0:00:39]} Rcc2 {[%emt 0:00:14]} 34. Rg1 {[%emt 0:00:03]} Rxa2 {[%emt 0:00:40]} 35. Rxa2 {[%emt 0:00:03]} Rxa2 {[%emt 0:00:06]} 36. Rb1 {[%emt 0:00:04]} Ra7 {[%emt 0:02:39]} 37. Kg1 {[%emt 0:00:05]} Rb7 {[%emt 0:00:04]} 38. Kf2 {[%emt 0:00:48]} b5 {[%emt 0:00:23]} 39. Ke2 {[%emt 0:00:02]} Kg5 {[%emt 0:00:42]} 40. Kd3 {[%emt 0:00:00]} Kf5 {[%emt 0:00:00]} 0-1

[Event "Mitropa Online Cup Open 2021"]
[Site "Hybrid"]
[Date "2021.05.04"]
[Round "1.4"]
[White "Antal, Gergely"]
[Black "Brunello, Sabino"]
[Result "1-0"]
[WhiteElo "2572"]
[BlackElo "2519"]
[Annotator "ChessBase"]
[PlyCount "81"]
[EventDate "2021.05.04"]
[EventType "team-tourn"]
[EventCountry "NET"]
[SourceTitle "playchess.com"]
[Source "ChessBase"]
[SourceQuality "1"]
[WhiteTeam "Hungary"]
[BlackTeam "Italy"]
[WhiteTeamCountry "HUN"]
[BlackTeamCountry "ITA"]
[TimeControl "40/5400+30:1800+30"]

1. e4 {[%emt 0:00:00]} e5 {[%emt 0:00:09]} 2. Nc3 {[%emt 0:00:17]} Nf6 {[%emt 0:01:09]} 3. g3 {[%emt 0:00:24]} d5 {[%emt 0:01:15]} 4. exd5 {[%emt 0:00:08]} Nxd5 {[%emt 0:00:02]} 5. Bg2 {[%emt 0:00:16]} Nxc3 {[%emt 0:00:25]} 6. bxc3 {[%emt 0:00:07]} Bc5 {[%emt 0:00:28]} 7. Nf3 {[%emt 0:00:17]} Nc6 {[%emt 0:00:13]} 8. O-O {[%emt 0:00:17]} O-O {[%emt 0:00:08]} 9. Re1 {[%emt 0:01:21]} Bg4 {[%emt 0:02:35]} 10. h3 {[%emt 0:03:08]} Bh5 {[%emt 0:00:21]} 11. g4 {[%emt 0:02:48]} Bg6 {[%emt 0:00:12]} 12. Nxe5 {[%emt 0:02:19]} Nxe5 {[%emt 0:00:07]} 13. d4 {[%emt 0:03:19]} Nc6 {[%emt 0:45:13]} 14. dxc5 {[%emt 0:01:23]} f5 {[%emt 0:00:12]} 15. Qxd8 {[%emt 0:15:56]} Raxd8 {[%emt 0:05:37]} 16. Rb1 {[%emt 0:21:16]} fxg4 {[%emt 0:13:44]} 17. hxg4 {[%emt 0:00:19]} Na5 {[%emt 0:03:06]} 18. Bg5 {[%emt 0:09:20]} Rde8 {[%emt 0:03:31]} 19. Rxe8 {[%emt 0:03:51]} Rxe8 {[%emt 0:04:06]} 20. Rd1 {[%emt 0:13:09]} h6 {[%emt 0:08:31]} 21. Bf4 {[%emt 0:03:05]} Re7 {[%emt 0:02:42]} 22. Rd8+ {[%emt 0:01:15]} Kh7 {[%emt 0:00:03]} 23. Rc8 {[%emt 0:02:20]} c6 {[%emt 0:03:44]} 24. Bd6 {[%emt 0:02:22]} Re1+ {[%emt 0:01:29]} 25. Kh2 {[%emt 0:00:11]} Bxc2 {[%emt 0:00:23]} 26. Rc7 {[%emt 0:01:37]} Kg8 {[%emt 0:00:37]} 27. f4 {[%emt 0:04:35]} Re2 {[%emt 0:02:05]} 28. Kg1 {[%emt 0:00:49]} Be4 {[%emt 0:00:39]} 29. Bxe4 {[%emt 0:05:06]} Rxe4 {[%emt 0:00:04]} 30. Kf2 {[%emt 0:00:28]} Ra4 {[%emt 0:00:52]} 31. Be5 {[%emt 0:00:28]} g5 {[%emt 0:00:19]} 32. f5 {[%emt 0:01:27]} Nc4 {[%emt 0:00:31]} 33. Bd4 {[%emt 0:00:47]} Rxa2+ {[%emt 0:00:04]} 34. Kg3 {[%emt 0:00:19]} Nd2 {[%emt 0:00:44]} 35. Rxb7 {[%emt 0:00:26]} Ne4+ {[%emt 0:01:00]} 36. Kf3 {[%emt 0:00:08]} Nxc3 {[%emt 0:00:09]} 37. Bxc3 {[%emt 0:00:42]} Ra3 {[%emt 0:00:02]} 38. Ke4 {[%emt 0:00:07]} Rxc3 {[%emt 0:00:02]} 39. Ke5 {[%emt 0:00:06]} h5 {[%emt 0:00:35]} 40. Kf6 {[%emt 0:00:00]} hxg4 {[%emt 0:00:00]} 41. Kg6 {[%emt 0:01:32]} 1-0

[Event "Mitropa Online Cup Open 2021"]
[Site "Hybrid"]
[Date "2021.05.04"]
[Round "1.4"]
[White "Moroni, Luca Jr"]
[Black "Hera, Imre Jr."]
[Result "1/2-1/2"]
[WhiteElo "2557"]
[BlackElo "2610"]
[Annotator "TA"]
[PlyCount "143"]
[EventDate "2021.05.04"]
[EventType "team-tourn"]
[EventCountry "NET"]
[SourceTitle "playchess.com"]
[Source "ChessBase"]
[SourceQuality "1"]
[WhiteTeam "Italy"]
[BlackTeam "Hungary"]
[WhiteTeamCountry "ITA"]
[BlackTeamCountry "HUN"]

{[%evp 14,143,33,28,42,31,48,15,16,5,4,0,0,0,0,0,0,0,0,0,0,0,0,-18,-25,-25,-26,-22,-25,-26,-8,-16,-16,-18,0,-12,0,-2,-2,-7,-3,-6,-7,-22,-23,-20,-20,-21,-7,-25,-28,-28,-7,-7,-7,-7,-7,-7,-7,-7,-7,-80,-21,-23,-18,-30,-23,-89,-91,-160,-169,-167,-155,-171,-167,-171,-137,-233,-233,-233,-233,-233,-288,-233,-233,-317,-298,-381,-381,-367,-367,-367,-360,-233,-233,-233,-233,-213,-81,-81,-68,-68,-68,-68,-40,-422,-322,-315,-109,-109,-40,-40,-40,-40,-40,-40,-40,-40,-40,-40,-40,-40,-40,-40,-40,-40,-8,-8,-8,-8,-8,-8]} 1. d4 Nf6 2. c4 e6 3. Nc3 Bb4 4. Nf3 c5 5. g3 Nc6 6. Bg2 Ne4 7. Bd2 Nxd2 8. Qxd2 cxd4 {E20: Nimzo-Indian: 4 g3 and 4 f3.} 9. Nxd4 Qb6 10. Nc2 Be7 11. O-O O-O 12. Rfd1 Rd8 13. Rab1 d6 14. e3 Bd7 {[#]} 15. Nd4 $146 ({Predecessor:} 15. b3 Rac8 16. Rbc1 Be8 17. h3 a6 18. Nd4 Bf8 19. Kh2 Qa5 20. Nce2 Qa3 21. Nc2 Qa5 22. Ncd4 Qa3 23. Nc2 Qa5 24. Ncd4 Qa3 {½-½ (24) Wang,H (2732)-Yu,Y (2646) Danzhou 2011}) 15... a6 16. b4 Be8 17. Rdc1 Rac8 18. Nxc6 Bxc6 19. Ne2 Bxg2 20. Kxg2 Qc6+ 21. Kg1 Qe4 22. Qd4 Qf5 23. Kg2 Bf6 24. e4 Qg6 (24... Qh5 {seems wilder.} 25. Qe3 Rd7 26. Qd3 Rdc7 27. Rc2 g5) 25. Qe3 h5 26. Nf4 Qh6 27. h4 Be5 28. Qf3 (28. a4 {keeps more tension.}) 28... Bxf4 29. Qxf4 Qxf4 30. gxf4 $11 {[%mdl 4096] Endgame KRR-KRR} Rd7 31. Rb2 Rdc7 32. Rbc2 b5 {[%cal Rc7c4]} 33. c5 dxc5 34. bxc5 Rc6 35. Kf3 Kf8 36. Ke3 Ke7 37. e5 (37. Kd4 $11) 37... Rd8 (37... g6 $17) 38. a4 Rd5 39. axb5 axb5 40. Ke4 (40. Ra1 $11) 40... g6 $17 41. Kf3 (41. f3 $142) 41... Kd7 42. Ra2 {intending Ra7+.} Rcxc5 43. Ra7+ Ke8 $1 44. Ra8+ Ke7 45. Ra7+ (45. Rb1 $17 {was necessary.}) 45... Kf8 $19 46. Ra8+ Kg7 47. Rxc5 Rxc5 {KR-KR} 48. Rb8 Rc3+ 49. Kg2 Rc4 50. Rxb5 Rxf4 51. Kg3 Rg4+ 52. Kh3 Rd4 53. Rb3 Re4 54. Rb5 {[#]} g5 $1 55. hxg5 Kg6 (55... Rf4 $19 56. Kg3 Rg4+ {[%mdl 64] Double Attack} 57. Kf3 Kg6) 56. f3 $17 Rf4 (56... Ra4 {feels hotter.} 57. Rb7 Ra5 58. Kh4 Rxe5 59. Rb8 Re3) 57. Kg3 {[%cal Rg3f4]} Kxg5 58. Rb8 h4+ 59. Kg2 $2 {[%mdl 8192]} (59. Kf2 $1 $15) 59... Kf5 60. Rb5 {[#]} Kg6 $2 (60... h3+ $1 $19 61. Kxh3 Rxf3+ 62. Kg2 Kg4) 61. Rb8 Rf5 (61... Kg7 $17) 62. Rg8+ $15 Kh6 {Threatens to win with ...Rg5+.} 63. Rh8+ Kg5 64. Rg8+ Kf4 {Hoping for ...Rg5+.} 65. Rg4+ Kxe5 {...Rf4 is the strong threat.} 66. Re4+ Kd5 {White must now prevent ...h3+!} 67. Rxh4 e5 68. Ra4 Rg5+ 69. Kf2 Rg8 70. Ra5+ {The position is equal.} Ke6 71. f4 exf4 72. Kf3 {Weighted Error Value: White=0.24/Black=0.13} 1/2-1/2

[Event "Mitropa Online Cup Open 2021"]
[Site "Hybrid"]
[Date "2021.05.04"]
[Round "1.4"]
[White "Nagy, Gabor"]
[Black "Lodici, Lorenzo"]
[Result "1-0"]
[WhiteElo "2511"]
[BlackElo "2483"]
[Annotator "ChessBase"]
[PlyCount "91"]
[EventDate "2021.05.04"]
[EventType "team-tourn"]
[EventCountry "NET"]
[SourceTitle "playchess.com"]
[Source "ChessBase"]
[SourceQuality "1"]
[WhiteTeam "Hungary"]
[BlackTeam "Italy"]
[WhiteTeamCountry "HUN"]
[BlackTeamCountry "ITA"]
[TimeControl "40/5400+30:1800+30"]

1. d4 {[%emt 0:00:00]} d5 {[%emt 0:00:07]} 2. c4 {[%emt 0:00:10]} e6 {[%emt 0:00:03]} 3. Nc3 {[%emt 0:00:07]} Nf6 {[%emt 0:00:03]} 4. cxd5 {[%emt 0:00:21]} exd5 {[%emt 0:00:03]} 5. Bg5 {[%emt 0:00:17]} c6 {[%emt 0:03:19]} 6. e3 {[%emt 0:00:30]} Be7 {[%emt 0:01:34]} 7. Qc2 {[%emt 0:01:26]} Nbd7 {[%emt 0:03:05]} 8. Bd3 {[%emt 0:00:13]} O-O {[%emt 0:00:57]} 9. Nge2 {[%emt 0:00:33]} b5 {[%emt 0:02:12]} 10. O-O {[%emt 0:03:13]} h6 {[%emt 0:02:02]} 11. Bh4 {[%emt 0:00:42]} a5 {[%emt 0:00:31]} 12. f3 {[%emt 0:04:07]} Ba6 {[%emt 0:02:06]} 13. Kh1 {[%emt 0:08:15]} Re8 {[%emt 0:05:29]} 14. Rad1 {[%emt 0:06:02]} Nf8 {[%emt 0:15:57]} 15. Bf2 {[%emt 0:04:28]} Ne6 {[%emt 0:02:21]} 16. e4 {[%emt 0:08:14]} dxe4 {[%emt 0:02:38]} 17. fxe4 {[%emt 0:00:57]} Qc8 {[%emt 0:01:48]} 18. e5 {[%emt 0:12:15]} Nd5 {[%emt 0:01:32]} 19. Bg1 {[%emt 0:03:59]} b4 {[%emt 0:02:53]} 20. Ne4 {[%emt 0:01:53]} a4 {[%emt 0:04:55]} 21. Bxa6 {[%emt 0:02:52]} Qxa6 {[%emt 0:01:03]} 22. N2g3 {[%emt 0:00:16]} g6 {[%emt 0:07:04]} 23. Rf3 {[%emt 0:02:09]} Rad8 {[%emt 0:06:33]} 24. Rdf1 {[%emt 0:00:31]} Rf8 {[%emt 0:00:09]} 25. Qd2 {[%emt 0:02:57]} Kg7 {[%emt 0:01:23]} 26. Qf2 {[%emt 0:03:26]} Kg8 {[%emt 0:04:00]} 27. Rxf7 {[%emt 0:08:58]} Nxd4 {[%emt 0:03:12]} 28. Nd6 {[%emt 0:06:09]} Ne6 {[%emt 0:06:52]} 29. Qc2 {[%emt 0:01:21]} Rxf7 {[%emt 0:07:13]} 30. Nxf7 {[%emt 0:01:40]} Kg7 {[%emt 0:00:17]} 31. Nxd8 {[%emt 0:00:32]} Bxd8 {[%emt 0:00:03]} 32. Qf2 {[%emt 0:01:17]} Qb7 {[%emt 0:00:09]} 33. Ne4 {[%emt 0:00:55]} Bb6 {[%emt 0:00:47]} 34. Qf3 {[%emt 0:00:39]} Bxg1 {[%emt 0:01:10]} 35. Kxg1 {[%emt 0:00:36]} Qe7 {[%emt 0:00:28]} 36. Kh1 {[%emt 0:00:56]} Nd4 {[%emt 0:01:16]} 37. Qg3 {[%emt 0:01:29]} Qe6 {[%emt 0:09:06]} 38. Nd6 {[%emt 0:02:13]} c5 {[%emt 0:02:23]} 39. Qh4 {[%emt 0:03:52]} Nf5 {[%emt 0:01:24]} 40. Nxf5+ {[%emt 0:00:00]} gxf5 {[%emt 0:00:00]} 41. Qg3+ {[%emt 0:01:11]} Qg6 {[%emt 0:01:33]} 42. Qd3 {[%emt 0:01:40]} Qe6 {[%emt 0:01:09]} 43. Qxf5 {[%emt 0:02:48]} Qxf5 {[%emt 0:00:38]} 44. Rxf5 {[%emt 0:00:08]} c4 {[%emt 0:00:02]} 45. e6 {[%emt 0:00:13]} c3 {[%emt 0:00:38]} 46. bxc3 {[%emt 0:00:07]} 1-0

[Event "Mitropa Online Cup Open 2021"]
[Site "Hybrid"]
[Date "2021.05.04"]
[Round "1.4"]
[White "Sonis, Francesco"]
[Black "Mihok, Oliver"]
[Result "1-0"]
[WhiteElo "2493"]
[BlackElo "2547"]
[Annotator "ChessBase"]
[PlyCount "85"]
[EventDate "2021.05.04"]
[EventType "team-tourn"]
[EventCountry "NET"]
[SourceTitle "playchess.com"]
[Source "ChessBase"]
[SourceQuality "1"]
[WhiteTeam "Italy"]
[BlackTeam "Hungary"]
[WhiteTeamCountry "ITA"]
[BlackTeamCountry "HUN"]
[TimeControl "40/5400+30:1800+30"]

1. d4 {[%emt 0:00:00]} Nf6 {[%emt 0:00:09]} 2. c4 {[%emt 0:00:04]} g6 {[%emt 0:00:07]} 3. g3 {[%emt 0:00:02]} Bg7 {[%emt 0:00:19]} 4. Bg2 {[%emt 0:00:02]} O-O {[%emt 0:00:21]} 5. Nc3 {[%emt 0:00:04]} d6 {[%emt 0:00:15]} 6. Nf3 {[%emt 0:00:02]} Nc6 {[%emt 0:00:39]} 7. O-O {[%emt 0:00:17]} e5 {[%emt 0:00:26]} 8. dxe5 {[%emt 0:00:38]} Nxe5 {[%emt 0:00:07]} 9. b3 {[%emt 0:01:23]} Nxf3+ {[%emt 0:01:05]} 10. Bxf3 {[%emt 0:00:03]} c6 {[%emt 0:00:19]} 11. Bf4 {[%emt 0:05:59]} Bh3 {[%emt 0:12:58]} 12. Re1 {[%emt 0:00:35]} d5 {[%emt 0:07:58]} 13. cxd5 {[%emt 0:01:38]} Nxd5 {[%emt 0:01:18]} 14. Nxd5 {[%emt 0:00:15]} cxd5 {[%emt 0:00:17]} 15. Rc1 {[%emt 0:01:32]} Be6 {[%emt 0:03:31]} 16. Qd2 {[%emt 0:09:38]} Re8 {[%emt 0:12:11]} 17. h4 {[%emt 0:11:32]} Rc8 {[%emt 0:22:33]} 18. Rxc8 {[%emt 0:07:51]} Qxc8 {[%emt 0:00:04]} 19. Rc1 {[%emt 0:00:05]} Qd8 {[%emt 0:00:32]} 20. Rc7 {[%emt 0:03:45]} Re7 {[%emt 0:01:59]} 21. Rxe7 {[%emt 0:05:35]} Qxe7 {[%emt 0:00:04]} 22. Bxd5 {[%emt 0:00:04]} Bxd5 {[%emt 0:02:47]} 23. Qxd5 {[%emt 0:00:05]} Qxe2 {[%emt 0:01:52]} 24. Qd8+ {[%emt 0:13:45]} Bf8 {[%emt 0:00:05]} 25. Bh6 {[%emt 0:00:04]} Qe1+ {[%emt 0:02:36]} 26. Kg2 {[%emt 0:00:03]} Qe4+ {[%emt 0:00:15]} 27. Kh2 {[%emt 0:00:19]} Qe7 {[%emt 0:01:33]} 28. Qa8 {[%emt 0:00:12]} a6 {[%emt 0:02:16]} 29. a4 {[%emt 0:01:23]} a5 {[%emt 0:08:01]} 30. Bxf8 {[%emt 0:04:00]} Qxf8 {[%emt 0:00:06]} 31. Qxa5 {[%emt 0:00:02]} Qe8 {[%emt 0:02:35]} 32. Qb6 {[%emt 0:00:27]} Qe4 {[%emt 0:01:24]} 33. a5 {[%emt 0:00:19]} f5 {[%emt 0:00:46]} 34. b4 {[%emt 0:03:50]} Qd5 {[%emt 0:01:25]} 35. Qc5 {[%emt 0:00:42]} Qf7 {[%emt 0:01:14]} 36. Kg1 {[%emt 0:03:11]} f4 {[%emt 0:01:33]} 37. Qc8+ {[%emt 0:00:21]} Kg7 {[%emt 0:00:07]} 38. Qc3+ {[%emt 0:00:03]} Kg8 {[%emt 0:00:42]} 39. Qf3 {[%emt 0:00:03]} fxg3 {[%emt 0:01:32]} 40. Qxf7+ {[%emt 0:00:00]} Kxf7 {[%emt 0:00:00]} 41. b5 {[%emt 0:00:05]} gxf2+ {[%emt 0:00:11]} 42. Kxf2 {[%emt 0:00:04]} Ke6 {[%emt 0:00:01]} 43. a6 {[%emt 0:00:04]} 1-0